Math Problems: Subtraction Quiz Stats

 Plays Quiz not verified by Sporcle

Score 0/10 Timer 07:00
0 Plays Today
Problem Answers % Correct
492-123369
100%
594-204390
97.8%
288-49239
97.8%
576-344232
97.8%
723-425298
97.8%
395-212183
97.8%
750-319431
97.8%
1000-222778
95.6%
1111-643468
95.6%
50476-127849198
91.1%

You're not logged in!

Compare scores with friends on all Sporcle quizzes.
OR
Log In

Sporcle TV

Today on Sporcle TV


Watch our educational content, quiz creation guides, and fun videos on Sporcle TV.

Show Comments

Extras

Created Feb 20, 2012ReportNominate
Tags:Math Quiz, subtraction

Top Quizzes Today


Score Distribution

Your Account Isn't Verified!

In order to create a playlist on Sporcle, you need to verify the email address you used during registration. Go to your Sporcle Settings to finish the process.

Report this User

Report this user for behavior that violates our Community Guidelines.

Details: